Propuesta de un sistema de comercialización para la empresa Sumi Solar S.A
Presenta propuesta de un sistema de comercialización el cual se expresa a través de un análisis tanto externo como interno del objeto a estudio, en nuestro caso la empresa sumi solar S.A. seguido de un diagnóstico emitido a juicio para hacer propuestas de cambio y desarrollo de estrategias y ana...
| Main Authors: | , |
|---|---|
| Other Authors: | |
| Format: | Tesis Section = Libro |
| Language: | Undetermined Spanish |
| Published: |
Managua
UNI
2004
|
| Subjects: |
| LEADER | 01414nam a2200289Ia 4500 | ||
|---|---|---|---|
| 008 | 240830s9999 xx 000 0 und d | ||
| 040 | |a BIBLIOTECA-RUPAP Mon 658.8 G643 | ||
| 041 | |a spa | ||
| 082 | |a Mon 658.8 G643 | ||
| 100 | 1 | |a González Martínez, Douglas Mauricio | |
| 100 | 1 | |b Vargas Solórzano, Uriel Agustín | |
| 245 | 1 | 0 | |a Propuesta de un sistema de comercialización para la empresa Sumi Solar S.A |
| 260 | |a Managua |b UNI |c 2004 | ||
| 300 | |a 110 p. :il. | ||
| 500 | |a Contiene: anexos. | ||
| 502 | |a Tesis (Ingeniero de Sistemas)- UNI, 2004. | ||
| 520 | 3 | |a Presenta propuesta de un sistema de comercialización el cual se expresa a través de un análisis tanto externo como interno del objeto a estudio, en nuestro caso la empresa sumi solar S.A. seguido de un diagnóstico emitido a juicio para hacer propuestas de cambio y desarrollo de estrategias y análisis incremental del sistema de comercialización propuesto. | |
| 650 | 7 | |a ADMINISTRACIÓN DE LA DISTRIBUCIÓN (MERCADO) - SUMI SOLAR S.A. | |
| 650 | 7 | |b ANÁLISIS EXTERNOS - INTERNO - SUMI SOLAR S.A. | |
| 650 | 7 | |c DIAGNÓSTICO - SUMI - SOLAR S.A. | |
| 650 | 7 | |d ANÁLISIS FODA | |
| 650 | 7 | |e ESTRUCTURA ORGANIZATIVA - SUMI SOLAR | |
| 650 | 7 | |f SISTEMA DE INFORMACIÓN AUTOMATIZADO - COMERCIALIZACIÓN - SUMI SOLAR | |
| 700 | 1 | |a Tutor: |b Aguilera López, Roberto José | |
| 942 | |c BK |2 ddc | ||
| 991 | |a TESIS | ||
| 999 | |c 17631 | ||